Nutrient removal / (Record no. 331835)

000 -LEADER
fixed length control field 01384cam a22003377a 4500
001 - CONTROL NUMBER
control field 16770694
003 - CONTROL NUMBER IDENTIFIER
control field NUST
005 - DATE AND TIME OF LATEST TRANSACTION
control field 20171030114106.0
008 - FIXED-LENGTH DATA ELEMENTS--GENERAL INFORMATION
fixed length control field 110509s2011 nyua b 001 0 eng
010 ## - LIBRARY OF CONGRESS CONTROL NUMBER
LC control number 2011420520
015 ## - NATIONAL BIBLIOGRAPHY NUMBER
National bibliography number GBB089012
Source bnb
016 7# - NATIONAL BIBLIOGRAPHIC AGENCY CONTROL NUMBER
Record control number 015610748
Source Uk
020 ## - INTERNATIONAL STANDARD BOOK NUMBER
International Standard Book Number 9780071737104 (hbk.)
020 ## - INTERNATIONAL STANDARD BOOK NUMBER
International Standard Book Number 007173709X (hbk.)
035 ## - SYSTEM CONTROL NUMBER
System control number (OCoLC)ocn651071078
040 ## - CATALOGING SOURCE
Original cataloging agency UKM
Transcribing agency UKM
Modifying agency YDXCP
-- C#P
-- SYB
-- CDX
-- DLC
042 ## - AUTHENTICATION CODE
Authentication code lccopycat
050 00 - LIBRARY OF CONGRESS CALL NUMBER
Classification number TD758.5.N87
Item number N87 2011
082 04 - DEWEY DECIMAL CLASSIFICATION NUMBER
Classification number 628 WEF
Edition number 22
245 00 - TITLE STATEMENT
Title Nutrient removal /
Statement of responsibility, etc. prepared by the Nutrient Removal Task Force of the Water Environment Federation.
260 ## - PUBLICATION, DISTRIBUTION, ETC.
Place of publication, distribution, etc. New York :
Name of publisher, distributor, etc. McGraw-Hill ;
Place of publication, distribution, etc. Alexandria, Va. :
Name of publisher, distributor, etc. WEF Press,
Date of publication, distribution, etc. c2011.
300 ## - PHYSICAL DESCRIPTION
Extent xxxvi, 628 p. :
Other physical details ill. ;
Dimensions 25 cm.
490 1# - SERIES STATEMENT
Series statement WEF manual of practice ;
Volume/sequential designation no. 34
500 ## - GENERAL NOTE
General note photocopy
504 ## - BIBLIOGRAPHY, ETC. NOTE
Bibliography, etc. note Includes bibliographical references and index.
650 #0 - SUBJECT ADDED ENTRY--TOPICAL TERM
Topical term or geographic name entry element Sewage
General subdivision Purification
-- Nutrient removal.
9 (RLIN) 5723
650 #0 - SUBJECT ADDED ENTRY--TOPICAL TERM
Topical term or geographic name entry element Sewage
General subdivision Purification
-- Nitrogen removal.
9 (RLIN) 5724
650 #0 - SUBJECT ADDED ENTRY--TOPICAL TERM
Topical term or geographic name entry element Sewage
General subdivision Purification
-- Phosphate removal.
9 (RLIN) 5725
710 2# - ADDED ENTRY--CORPORATE NAME
Corporate name or jurisdiction name as entry element Water Environment Federation.
Subordinate unit Nutrient Removal Task Force.
9 (RLIN) 5726
830 #0 - SERIES ADDED ENTRY--UNIFORM TITLE
Uniform title Manual of practice ;
Volume/sequential designation no. 34.
9 (RLIN) 5727
906 ## - LOCAL DATA ELEMENT F, LDF (RLIN)
a 7
b cbc
c copycat
d 2
e ncip
f 20
g y-gencatlg
942 ## - ADDED ENTRY ELEMENTS (KOHA)
Source of classification or shelving scheme
Koha item type Book
Call number prefix IESE
Holdings
Withdrawn status Lost status Source of classification or shelving scheme Damaged status Not for loan Collection code Permanent Location Current Location Shelving location Date acquired Total Checkouts Full call number Barcode Date last seen Date last checked out Price effective from Koha item type
            Institute of Environmental Science and Engineering (IESE) Institute of Environmental Science and Engineering (IESE) General Stacks 10/30/2017 1 628 WEF IESE-2260 09/27/2023 09/27/2023 10/30/2017 Book
© 2023 Central Library, National University of Sciences and Technology. All Rights Reserved.